| 000 | 00497nam a2200169Ia 4500 | ||
|---|---|---|---|
| 999 |
_c6611 _d6611 |
||
| 003 | OSt | ||
| 005 | 20200120155754.0 | ||
| 008 | 190216s9999||||xx |||||||||||||| ||und|| | ||
| 020 | _a9788120317093 | ||
| 040 | _coclc | ||
| 082 |
_a658.45 _bKAU/E |
||
| 100 |
_aKaul, Asha _91332 |
||
| 245 | 0 |
_aEffective Buisness Communication / _cAsha Kaul |
|
| 260 |
_bPrentice Hall Of India Pvt Ltd, _aNew Delhi: _c2002. |
||
| 300 | _a172p | ||
| 942 |
_cBK _2ddc _h658.45 _iKAU/E _k658.45 _mKAU/E |
||